Welcome to WEB OPAC of MRSPTU Central Library

Diagnosis of Viruses and Allied Pathogens (Record no. 7542)

MARC details
000 -LEADER
fixed length control field 00411nam a2200157Ia 4500
008 - FIXED-LENGTH DATA ELEMENTS--GENERAL INFORMATION
fixed length control field 230711s9999||||xx |||||||||||||| ||und||
020 ## - INTERNATIONAL STANDARD BOOK NUMBER
International Standard Book Number 978-93-20012-12-4
041 ## - LANGUAGE CODE
Language code of text/sound track or separate title ENG
082 ## - DEWEY DECIMAL CLASSIFICATION NUMBER
Classification number 576.6483
Item number AH-D
100 ## - MAIN ENTRY--PERSONAL NAME
Personal name Ahlawat Y S
245 #0 - TITLE STATEMENT
Title Diagnosis of Viruses and Allied Pathogens
260 ## - PUBLICATION, DISTRIBUTION, ETC.
Date of publication, distribution, etc. 2010
Place of publication, distribution, etc. New Delhi
Name of publisher, distributor, etc. Studium Press (India) Pvt. Ltd.
300 ## - PHYSICAL DESCRIPTION
Extent 224p.
650 ## - SUBJECT ADDED ENTRY--TOPICAL TERM
Topical term or geographic name entry element Agriculture
942 ## - ADDED ENTRY ELEMENTS (KOHA)
Koha item type Book
Holdings
Withdrawn status Lost status Damaged status Not for loan Collection Home library Current library Date acquired Total checkouts Full call number Barcode Date last seen Price effective from Koha item type Source of acquisition Cost, normal purchase price Inventory number
          MRSPTU Central Library MRSPTU Central Library     576.6483 AH-D P2083 08/17/2023 08/17/2023 Book      
          MRSPTU Central Library MRSPTU Central Library     576.6483 AH-D P2084 08/17/2023 08/17/2023 Book Technical Bureau India PVT.LTD 595.00 TB47944713
          MRSPTU Central Library MRSPTU Central Library     576.6483 AH-D P2085 08/17/2023 08/17/2023 Book Technical Bureau India PVT.LTD 595.00 TB47944713
          MRSPTU Central Library MRSPTU Central Library     576.6483 AH-D P2086 08/17/2023 08/17/2023 Book Technical Bureau India PVT.LTD 595.00 TB47944713
          MRSPTU Central Library MRSPTU Central Library     576.6483 AH-D P2087 08/17/2023 08/17/2023 Book Technical Bureau India PVT.LTD 595.00 TB47944713

Website Designed and Developed by MRSPTU Central Library Team

E-mail Id: librarian@mrsptu.ac.in